[Event "CZE-ch Amateur"]
[Site "Hluk"]
[Date "2023.05.06"]
[Round "1"]
[White "Buchcar, Tomas"]
[Black "Beinhauer, Bernard"]
[Result "1-0"]
[WhiteElo "2165"]
[BlackElo "1695"]
[PlyCount "105"]
[EventDate "2023.05.06"]
[EventType "swiss"]
[EventRounds "9"]
[EventCountry "CZE"]
[SourceTitle "CBM 214 Extra"]
[Source "ChessBase"]
[SourceDate "2023.07.31"]
[SourceVersion "1"]
[SourceVersionDate "2023.07.31"]
[SourceQuality "1"]

1. d4 d5 2. c4 dxc4 3. Nc3 Nf6 4. e4 e5 5. dxe5 Qxd1+ 6. Nxd1 Nxe4 7. Bxc4 Bb4+ 8. Ke2 Nc6 9. Bd5 Bf5 10. Nf3 0-0-0 11. Bxc6 bxc6 12. Be3 Nc5 13. Nd4 Bd3+ 14. Kf3 f5 15. a3 Be4+ 16. Kg3 g5 17. Nxf5 Bxf5 18. axb4 Ne4+ 19. Kf3 Nd2+ 20. Ke2 Nb3 21. Rxa7 Bd3+ 22. Ke1 Kb8 23. Ra3 Bc2 24. Nc3 Rhe8 25. f3 Rxe5 26. Kf2 Rde8 27. Ne4 Rb5 28. Re1 Ree5 29. Nc5 Nxc5 30. Bxc5 Rxe1 31. Kxe1 Kc8 32. Re3 Rb8 33. Re5 Ra8 34. Re8+ Kb7 35. Rxa8 Kxa8 36. Kd2 Bf5 37. Ke3 Kb8 38. Kd4 h5 39. Ke5 Bd3 40. Be3 Bf1 41. g4 hxg4 42. fxg4 Kc8 43. Bxg5 Kd7 44. h4 Ke8 45. h5 Kf7 46. Bd8 Be2 47. Kf4 Bd1 48. Kg3 Be2 49. Kh4 Kg7 50. g5 Bd1 51. Bxc7 Be2 52. Be5+ Kh7 53. g6+ 1-0

[Event "CZE-ch"]
[Site "Usti nad Labem"]
[Date "2022.05.20"]
[Round "7"]
[White "Finek, Vaclav"]
[Black "Buchcar, Tomas"]
[Result "1-0"]
[WhiteElo "2410"]
[BlackElo "2183"]
[PlyCount "101"]
[EventDate "2022.05.14"]
[EventType "swiss"]
[EventRounds "9"]
[EventCountry "CZE"]
[SourceTitle "CBM 208 Extra"]
[Source "ChessBase"]
[SourceDate "2022.07.31"]
[SourceVersion "1"]
[SourceVersionDate "2022.07.31"]
[SourceQuality "1"]

1. c4 Nf6 2. Nf3 c6 3. d4 d5 4. Qc2 dxc4 5. Qxc4 Bf5 6. g3 e6 7. Bg2 Nbd7 8. 0-0 Be7 9. e3 0-0 10. Qe2 Rc8 11. Nc3 Bg6 12. Rd1 Re8 13. h3 b5 14. a3 Qc7 15. Nh4 a6 16. Nxg6 hxg6 17. e4 e5 18. dxe5 Nxe5 19. f4 Bc5+ 20. Kh2 Nc4 21. e5 g5 22. Qf3 g4 23. hxg4 Rxe5 24. g5 Rxg5 25. fxg5 Ne5 26. gxf6 Nxf3+ 27. Bxf3 Bd6 28. Ne4 Be5 29. Bg5 gxf6 30. Bxf6 Bxf6 31. Nxf6+ Kg7 32. Nh5+ Kf8 33. Rac1 Qe5 34. Rc2 c5 35. Rd5 Qe3 36. Kg2 c4 37. Re2 Qb6 38. Rd7 Re8 39. Rf2 Re7 40. Rd5 Re1 41. Rf5 Qe3 42. g4 Rh1 43. Ng3 Rh2+ 44. Kxh2 Qxf2+ 45. Kh3 Qxb2 46. g5 Qh8+ 47. Bh5 Kg8 48. Rxf7 Qe5 49. Nf5 Qe6 50. Rf6 Qd7 51. Bf7+ 1-0

[Event "CZE-ch"]
[Site "Usti nad Labem"]
[Date "2022.05.17"]
[Round "4"]
[White "Nemec, Jachym"]
[Black "Buchcar, Tomas"]
[Result "1/2-1/2"]
[WhiteElo "2367"]
[BlackElo "2183"]
[PlyCount "76"]
[EventDate "2022.05.14"]
[EventType "swiss"]
[EventRounds "9"]
[EventCountry "CZE"]
[SourceTitle "CBM 208 Extra"]
[Source "ChessBase"]
[SourceDate "2022.07.31"]
[SourceVersion "1"]
[SourceVersionDate "2022.07.31"]
[SourceQuality "1"]

1. d4 d5 2. c4 c6 3. Nf3 Nf6 4. Qb3 e6 5. Bg5 Nbd7 6. Nc3 a6 7. e3 Qa5 8. Bxf6 Nxf6 9. Bd3 c5 10. cxd5 Nxd5 11. 0-0 cxd4 12. Nxd5 Qxd5 13. Bc4 Qh5 14. exd4 Be7 15. Rfe1 b5 16. Ne5 0-0 17. Be2 Qh4 18. Bf3 Ra7 19. g3 Qf6 20. Rac1 Bd6 21. Re3 Rc7 22. Rec3 Rxc3 23. Qxc3 h6 24. Be4 g6 25. Kg2 b4 26. Qc4 Bxe5 27. dxe5 Qxe5 28. Qxb4 Bd7 29. Bf3 Rb8 30. Qd2 Qxb2 31. Rc2 Qb1 32. Be4 Qb4 33. Qe3 Rc8 34. Rxc8+ Bxc8 35. a3 Qc4 36. Bf3 Kg7 37. Qe5+ Kh7 38. h4 h5 1/2-1/2

[Event "Liberec Desko op"]
[Site "Liberec"]
[Date "2020.07.20"]
[Round "4"]
[White "Cermak, Jan2222"]
[Black "Buchcar, Tomas"]
[Result "1/2-1/2"]
[WhiteElo "2019"]
[BlackElo "2167"]
[PlyCount "54"]
[EventDate "2020.07.18"]
[EventType "swiss"]
[EventRounds "9"]
[EventCountry "CZE"]
[SourceTitle "CBM 197 Extra"]
[Source "ChessBase"]
[SourceDate "2020.09.30"]
[SourceVersion "1"]
[SourceVersionDate "2020.09.30"]
[SourceQuality "1"]

1. e4 c5 2. Nf3 e6 3. d4 cxd4 4. Qxd4 Nc6 5. Qe3 d6 6. Nc3 Nf6 7. Bd3 Be7 8. b3 0-0 9. Bb2 a6 10. 0-0-0 Qc7 11. Kb1 b5 12. h3 Bb7 13. g4 Rfc8 14. g5 Nd7 15. h4 Nce5 16. Nxe5 Nxe5 17. Rh3 Qc5 18. Qe2 Bc6 19. f4 Nxd3 20. Qxd3 a5 21. Ne2 b4 22. Ng3 Bb5 23. Qd2 Bf8 24. h5 Rc7 25. h6 g6 26. Bd4 Qc6 27. Bb2 Qc5 1/2-1/2

[Event "Pardubice op rapid 29th"]
[Site "Pardubice"]
[Date "2018.07.18"]
[Round "1"]
[White "Buchcar, Tomas"]
[Black "Gukesh, Dommaraju"]
[Result "1/2-1/2"]
[WhiteElo "2133"]
[BlackElo "2433"]
[PlyCount "151"]
[EventDate "2018.07.18"]
[EventType "swiss (rapid)"]
[EventRounds "9"]
[EventCountry "CZE"]
[SourceTitle "CBM 185 Extra"]
[Source "ChessBase"]
[SourceDate "2018.07.29"]
[SourceVersion "1"]
[SourceVersionDate "2018.07.29"]
[SourceQuality "1"]

1. c4 e5 2. Nc3 Nc6 3. g3 d6 4. Bg2 Be6 5. d3 Qd7 6. a3 g6 7. b4 Bg7 8. Bb2 Nge7 9. Ne4 h6 10. e3 f5 11. Nd2 0-0 12. Ne2 g5 13. b5 Nd8 14. f4 Ng6 15. 0-0 Rb8 16. Rb1 Bf7 17. Qc2 Ne6 18. Nb3 c6 19. a4 Rbc8 20. Rbd1 cxb5 21. axb5 Qxb5 22. fxg5 Nxg5 23. Rxf5 Qb6 24. Bc1 Be6 25. Rxf8+ Rxf8 26. Rf1 Nh3+ 27. Bxh3 Bxh3 28. Rf2 Qc6 29. e4 Qb6 30. c5 dxc5 31. Nxc5 Rc8 32. Be3 Qa5 33. Qc3 Qxc3 34. Nxc3 Bf8 35. N5a4 Bd7 36. Rb2 b6 37. Rb1 Ne7 38. Ra1 Bh3 39. Nd1 Nc6 40. Nf2 Be6 41. Nc3 Nb4 42. Ncd1 Nc2 43. Rxa7 Nxe3 44. Nxe3 Bc5 45. Nfd1 Rd8 46. Kf2 Rxd3 47. Ke2 Rd4 48. Nc3 Rb4 49. Ncd5 Rb2+ 50. Kd3 Rxh2 51. g4 Rh3 52. Kd2 Rh2+ 53. Kd3 Rf2 54. Ne7+ Kf7 55. N7f5+ Kf6 56. Rh7 Bc8 57. Nd5+ Ke6 58. Nc7+ Kf6 59. Nd5+ Ke6 60. Rxh6+ Kf7 61. Rf6+ Ke8 62. Ng7+ Kd8 63. Ne6+ Bxe6 64. Rxe6 Rg2 65. Nf6 Be7 66. Rxb6 Bxf6 67. Rxf6 Rxg4 68. Rf5 Rg6 69. Rxe5 Kd7 70. Ra5 Ke7 71. Ra7+ Ke8 72. Kd4 Rh6 73. Kd5 Rg6 74. e5 Rh6 75. Rg7 Ra6 76. Rh7 1/2-1/2

[Event "Liberec op 18th"]
[Site "Liberec"]
[Date "2018.02.27"]
[Round "5"]
[White "Buchcar, Tomas"]
[Black "Hurtik, Matej"]
[Result "1-0"]
[WhiteElo "2151"]
[BlackElo "1590"]
[PlyCount "61"]
[EventDate "2018.02.24"]
[EventType "swiss"]
[EventRounds "9"]
[EventCountry "CZE"]
[SourceTitle "CBM 183 Extra"]
[Source "ChessBase"]
[SourceDate "2018.04.19"]
[SourceVersion "1"]
[SourceVersionDate "2018.04.19"]
[SourceQuality "1"]

1. e3 Nf6 2. c4 g6 3. b3 Bg7 4. Bb2 0-0 5. Be2 d6 6. Nf3 Nc6 7. 0-0 e5 8. d3 Ne8 9. Nc3 f5 10. a3 g5 11. Qc2 g4 12. Nd2 Rf6 13. Nd5 Rh6 14. g3 Qg5 15. f4 Qd8 16. Rf2 Rg6 17. Raf1 h5 18. b4 Ne7 19. d4 Nxd5 20. cxd5 exf4 21. exf4 h4 22. Bd3 Qe7 23. Re2 Qf7 24. Rfe1 hxg3 25. Rxe8+ Kh7 26. hxg3 Rh6 27. Nf1 Qxd5 28. R1e4 Bd7 29. Rxa8 Bc6 30. Ne3 Qf7 31. Nxf5 1-0